|
|
|
|
| LEADER |
00627cam a2200193 a 4500 |
| 001 |
AAL7834 |
| 003 |
BD-DhAAL |
| 005 |
20160409130912.0 |
| 008 |
160409s1967 vra 000 0 eng d |
| 040 |
|
|
|a ANL
|b eng
|c ANL
|d WCX
|d BD-DhAAL
|
| 082 |
0 |
4 |
|a 823.914
|
| 100 |
1 |
|
|a Deighton, Len,
|d 1929-
|9 19056
|
| 245 |
1 |
0 |
|a Billion-dollar brain.
|
| 260 |
|
|
|a London :
|b Arrow Books,
|c 1991
|
| 300 |
|
|
|a 238 p. ;
|c 19 cm.
|
| 541 |
|
|
|e 7834
|
| 942 |
|
|
|2 ddc
|c BK
|
| 999 |
|
|
|c 37410
|d 37410
|
| 952 |
|
|
|0 0
|1 0
|2 ddc
|4 0
|6 823_914000000000000_DEI
|7 0
|9 58745
|a SCL
|b SCL
|c GEN
|d 2016-04-09
|e Gift:
|l 6
|m 38
|o 823.914 DEI
|p 3020007834
|r 2019-10-28
|s 2019-09-23
|t 1
|w 2016-04-09
|y BK
|